Constitución de 1991 y cultura / (Registro nro. 35322)
[ vista simple ]
| 000 -CABECERA | |
|---|---|
| Longitud fija campo de control | 00948nam a2200253 a 4500 |
| 003 - • IDENTIFICADOR DELl NÚMERO DE CONTROL | |
| Identificador del número de control | CO-ViMGA |
| 005 - • FECHA Y HORA DE LA ÚLTIMA TRANSACCIÓN | |
| Fecha y hora de la última transacción | 20230915233125.0 |
| 008 - • CÓDIGOS DE INFORMACIÓN DE LONGITUD FIJA | |
| Códigos de información de longitud fija | 121124s2012 ck gr 000 0dspa d |
| 020 ## - • NÚMERO INTERNACIONAL NORMALIZADO PARA LIBROS | |
| Número Internacional Normalizado para Libros (ISBN) | 9789588321639 |
| 040 ## - FUENTE DE LA CATALOGACIÓN | |
| Centro catalogador de origen | CO-ViMGA |
| Lengua de catalogación | spa |
| Centro transcriptor | CO-ViMGA |
| 043 ## - CÓDIGO DE ÁREA GEOGRÁFICA | |
| Código de área geográfica | s-ck--- |
| 082 04 - • NÚMERO DE LA CLASIFICACIÓN DECIMAL DEWEY | |
| Número de clasificación (R) | 306.08986 |
| Número del ítem | C65 |
| Número de edición | 21 |
| 245 00 - • TITULO PROPIAMENTE DICHO | |
| Título | Constitución de 1991 y cultura / |
| Mención de responsabilidad, etc. | Camilo Borrero García ... [et al.]. |
| 300 ## - • DESCRIPCIÓN FÍSICA | |
| Extensión | 156 p. ; |
| Dimensiones | 24 cm. |
| 504 ## - • NOTA DE BIBLIOGRAFÍA, ETC | |
| Nota de bibliografía, etc. | Incluye bibliografías. |
| 650 14 - • PUNTO DE ACCESO ADICIONAL DE MATERIA - TÉRMINO DE MATERIA | |
| Término de materia o nombre geográfico como elemento inicial | Multiculturalismo |
| Subdivisión de materia general | Legislación |
| Subdivisión geográfica | Colombia. |
| 650 14 - • PUNTO DE ACCESO ADICIONAL DE MATERIA - TÉRMINO DE MATERIA | |
| Término de materia o nombre geográfico como elemento inicial | Cultura |
| Subdivisión de materia general | Legislación |
| Subdivisión geográfica | Colombia. |
| 650 14 - • PUNTO DE ACCESO ADICIONAL DE MATERIA - TÉRMINO DE MATERIA | |
| Término de materia o nombre geográfico como elemento inicial | Patrimonio cultural |
| Subdivisión de materia general | Legislación |
| Subdivisión geográfica | Colombia. |
| 651 #4 - • PUNTO DE ACCESO ADICIONAL DE MATERIA - NOMBRE GEOGRÁFICO | |
| Nombre geográfico | Colombia |
| Subdivisión de materia general | Derecho constitucional. |
| 700 1# - • PUNTO DE ACCESO ADICIONAL - NOMBRE DE PERSONA | |
| Nombre de persona | Borrero García, Camilo Alberto. |
| 942 ## - ENTRADA DE ELEMENTOS AGREGADOS (KOHA) | |
| Fuente de clasificaión o esquema | Dewey Decimal Classification |
| Koha [por defecto] tipo de item | LIbro |
| Perdido | Fuente de clasificación o esquema | Estado Físico | No para préstamo | Forma de adquisición | Localización permanente | Localización actual | Fecha adquisición | Préstamos totales | Signatura completa | Código de barras | Fecha última consulta | Número de copia | Fecha del precio de reemplazo | Tipo de item de Koha | Localización en estanterías |
|---|---|---|---|---|---|---|---|---|---|---|---|---|---|---|---|
| Dewey Decimal Classification | Colección General | Biblioteca Pública José Eustasio Rivera - San Martin | Biblioteca Pública José Eustasio Rivera - San Martin | 07/02/2025 | 306.08986 C65 | SM04059 | 07/02/2025 | Ej.1 | 07/02/2025 | LIbro | General | ||||
| Dewey Decimal Classification | Colección General | Biblioteca Pública Acacias - Carlos María Hernández Rojas | Biblioteca Pública Acacias - Carlos María Hernández Rojas | 04/07/2025 | 306.08986 C65 | ACA02348 | 04/07/2025 | Ej.1 | 04/07/2025 | LIbro | General | ||||
| Dewey Decimal Classification | Sala General Segundo Piso | Biblioteca Pública Germán Arciniegas - Villavicencio | Biblioteca Pública Germán Arciniegas - Villavicencio | 03/01/2016 | 306.08986 C65 | 29755 | 03/01/2016 | Ej. 1 | 03/01/2016 | LIbro |